• 首页
  • 本馆介绍
  • 公告通知
  • 最新文献
  • 馆藏检索
  • 电子资源
  • 读者导购
  • 参考咨询
  • 我的图书馆
  • 登录
  • 详细信息显示
  • 放入我的书架
  • 预约/预借图书
  • 作者相关作品
  • 分类相关作品
  • 丛书相关作品
  • 出版社相关作品

书目信息

  • 表格格式
  • 工作单格式
  • 卡片格式
题名:
写给动物世界
    
 
作者: 王采芹 著
分册:  
出版信息: 上海   上海交通大学出版社  2018.06
页数: 244页
开本: 21cm
丛书名:
单 册:
中图分类: G222.3
科图分类:
主题词: 电视节目制作--dian shi jie mu zhi zuo
电子资源:
ISBN: 978-7-313-19675-0
000 01059nam0 2200229 450
001 2350540465
005 20231109184103.07
010    @a978-7-313-19675-0@dCNY58.00
100    @a20181109d2018 em y0chiy50 ea
101 0  @achi
102    @aCN@b310000
105    @aa a 000yy
200 1  @a写给动物世界@Axie gei dong wu shi jie@f王采芹著
210    @a上海@c上海交通大学出版社@d2018.06
215    @a244页@c图@d21cm
320    @a有书目。
330    @a中央电视台的《动物世界》栏目1981年12月31日开播。节目主旨在于向电视观众介绍大自然中的种种动植物,使观众足不出户就可以了解和认识地球上生存的各种生命,认识自然对人类的影响,节目一播出就受到了广大观众的喜爱,成为几代人的珍贵回忆。本书作者作为《动物世界》的制片人,通过对《动物世界》的故事架构、声音气质、母爱主题、解说词赏析和节目内容的灵魂,也即关于动物的真实有爱的小故事等进行展开,全方位分析《动物世界》成功的原因和背后的故事。
606 0  @a电视节目制作@Adian shi jie mu zhi zuo
690    @aG222.3@v5
701  0 @a王采芹@Awang cai qin@4著
801  0 @aCN@b山东中教@c20230926
905    @aBZT@dG222.3@e11
    
    写给动物世界/王采芹著.-上海:上海交通大学出版社,2018.06
    244页:图;21cm
    
    
    ISBN 978-7-313-19675-0:CNY58.00
    中央电视台的《动物世界》栏目1981年12月31日开播。节目主旨在于向电视观众介绍大自然中的种种动植物,使观众足不出户就可以了解和认识地球上生存的各种生命,认识自然对人类的影响,节目一播出就受到了广大观众的喜爱,成为几代人的珍贵回忆。本书作者作为《动物世界》的制片人,通过对《动物世界》的故事架构、声音气质、母爱主题、解说词赏析和节目内容的灵魂,也即关于动物的真实有爱的小故事等进行展开,全方位分析《动物世界》成功的原因和背后的故事。
●
相关链接 在五车中查询图书 在当当中查询图书 在豆瓣中查询图书


正题名:写给动物世界     索取号:G222.3/11         预约/预借

序号 登录号 条形码 馆藏地/架位号 状态 备注
1 2000955293   2000955293   第四书库/四007架A面5层2列/ [索取号:G222.3/11] 在馆    
2 2000955294   2000955294   第四书库/四007架A面5层2列/ [索取号:G222.3/11] 在馆    
3 2000955295   2000955295   第四书库/四007架A面5层2列/ [索取号:G222.3/11] 在馆    
4 2000955296   2000955296   第四书库/四007架A面5层2列/ [索取号:G222.3/11] 在馆    
5 2000955297   2000955297   第四书库/四007架A面5层2列/ [索取号:G222.3/11] 在馆    
6 2000955298   2000955298   第四书库/四007架A面5层2列/ [索取号:G222.3/11] 在馆    
山东省滨州职业学院图书馆 欢迎您!
大连网信软件有限公司© 版权所有